000 00957nam a2200289Ia 4500
003 GCL
005 20240530102156.0
008 140319s9999 xx 000 0 ara d
040 _aGCL /
_cGCL
082 0 4 _a723.3
_bك ع
100 1 _aكمال الدين سامح
245 1 0 _aالعمارة فى صدر الاسلام /
_cكمال الدين سامح
260 _a[S.N] :
_bالهيئة المصرية العامة للكتاب ،
_c1991
300 _a189
650 0 4 _aمصر
650 0 4 _aالعمارة الاسلامية
650 0 4 _aالاثار الاسلامية
650 0 4 _aالمساجد
650 0 4 _aالعمارة
650 0 4 _aالعمارة المصرية القديمة
650 0 4 _aالقصور الاسلامية
650 0 4 _aقصر الحمراء
650 0 4 _aالمساجد الاسلامية فى الاندلس
650 0 4 _aالماذن
650 0 4 _aالعمارة السعودية
942 _2ddc
_cBK
999 _c30333
_d30333